| 000 | 00530nam a2200181 i 4500 | ||
|---|---|---|---|
| 001 | 87915 | ||
| 003 | ES-MaACL | ||
| 005 | 20230906175751.0 | ||
| 007 | t| | ||
| 008 | 041228s1967 sp ||||1| spa d | ||
| 100 | 1 |
_aLacroix, Jean. _969405 |
|
| 245 | 1 | 3 |
_aEl fracaso / _cJean Lacroix ; versión castellana de Antonio Pérez González. |
| 250 | _a[1ª ed.]. | ||
| 260 |
_aBarcelona : _bNova Terra, _c[1967] |
||
| 300 |
_a151 p. ; _c19 cm. |
||
| 700 | 1 |
_aPérez González, Antonio. _990909 |
|
| 852 |
_aES-MaACL _jC-33652 _bR.64116 |
||
| 999 |
_c87915 _d87915 |
||